Statistics for Eurovision 2021 songs

Click here to take the quiz!

General Stats

  • This quiz has been taken 61 times
  • The average score is 29 of 39

Answer Stats

HintAnswer% Correct
AzerbaijanMata Hari
94%
GermanyI Don't Feel Hate
92%
CyprusEl Diablo
90%
NorwayFallen Angel
90%
FranceVoila
90%
San MarinoAdrenalina
88%
SerbiaLoco Loco
88%
UkraineShum
88%
MoldovaSugar
88%
GreeceLast Dance
86%
RussiaRussian Women
86%
PolandThe Ride
86%
SloveniaAmen
84%
AustriaAmen
84%
FinlandDark Side
84%
IsraelSet Me Free
84%
Iceland10 Years
82%
CroatiaTick-Tock
80%
SwedenVoices
80%
ItalyZitti e buoni
80%
RomaniaAmnesia
78%
AlbaniaKarma
78%
IrelandMaps
78%
Czech RepublicOmaga
78%
UKEmbers
76%
LithuaeniaDiscoteque
74%
MaltaJe me casse
74%
BelgiumThe Wrong Place
74%
GeorgiaYou
74%
AustraliaTechnicolour
70%
BulgariaGrowing up is getting old
66%
PortugalLove Is On My Side
64%
SwitzerlandTout l'univers
60%
LatviaThe Moon Is Rising
56%
North MacedoniaHere I Stand
50%
EstoniaThe lucky one
50%
NetherlandsBirth Of A New Age
48%
SpainVoy a quedarme
44%
DenmarkOve Os Pa Hinanden
20%

Score Distribution

Percentile by Number Answered

Percent of People with Each Score

Your Score History

You have not taken this quiz